000 00294nam a22001337a 4500
008 170823b xxu||||| |||| 00| 0 eng d
020 _a9780321361486
041 _aeng
080 _211TH
_a51
100 _a38
101 _aMAT
245 _aMATHEMATICAL IDEAS
_cMILLER,CH.D
942 _2udc
_cBK
999 _c24603
_d24603